[Event "Oberliga Ost B 2016 2017"]
[Site "Germany"]
[Date "2016.12.04"]
[Round "4.8"]
[White "Goll, Christof"]
[Black "Drill, Frank"]
[Result "0-1"]
[WhiteElo "2082"]
[BlackElo "2049"]
[PlyCount "128"]
[EventDate "2016.10.16"]
[EventType "team-tourn"]
[EventCountry "GER"]
[WhiteTeam "Frankfurt SC Koenig Nied"]
[BlackTeam "Neuberg SF"]
[WhiteTeamCountry "GER"]
[BlackTeamCountry "GER"]

1. c4 b6 2. d4 e6 3. Nf3 Bb7 4. a3 Nf6 5. Nc3 Ne4 6. Nxe4 Bxe4 7. Bg5 f6 8. Bf4
Be7 9. Nd2 Bb7 10. e4 O-O 11. Bd3 f5 12. exf5 Bg5 13. Qg4 Bxf4 14. Qxf4 exf5
15. O-O d6 16. Nf3 Qf6 17. Rfe1 Nd7 18. Be2 h6 19. Qd2 Be4 20. d5 Bxf3 21. Bxf3
Ne5 22. Be2 f4 23. Bf1 Qh4 24. Rac1 Rf5 25. Rc3 Rh5 26. h3 Rf8 27. Re4 Qf6 28.
f3 Rg5 29. Kh1 Rg3 30. Kh2 Qg5 31. Qe1 Rf6 32. b4 Rg6 33. Qf2 Qh4 34. Rc2 Qg5
35. c5 Rxf3 36. Rxe5 Qg3+ 37. Qxg3 fxg3+ 38. Kg1 Rxf1+ 39. Kxf1 dxe5 40. d6
cxd6 41. c6 Rf6+ 42. Ke1 Rf8 43. Rd2 Rd8 44. b5 d5 45. Ke2 Kf7 46. Rd3 Ke6 47.
Rxg3 g5 48. h4 Rg8 49. hxg5 hxg5 50. Rh3 Kd6 51. Rh7 Kc5 52. Rd7 a6 53. c7 Rc8
54. a4 axb5 55. axb5 Kd4 56. Kd2 e4 57. Ke2 Ke5 58. Ke3 Ke6 59. Rg7 Kd6 60. Kd4
Rxc7 61. Rg6+ Kd7 62. Rg7+ Kc8 63. Rxg5 Rc5 64. Rg8+ Kd7 0-1

[Event "Oberliga Ost B 2016 2017"]
[Site "Germany"]
[Date "2016.12.04"]
[Round "4.1"]
[White "Kunin, Vitaly"]
[Black "Rafiee, Makan"]
[Result "1/2-1/2"]
[WhiteElo "2595"]
[BlackElo "2318"]
[PlyCount "81"]
[EventDate "2016.10.16"]
[EventType "team-tourn"]
[EventCountry "GER"]
[WhiteTeam "Moerlenbach Birkenau Freibauer"]
[BlackTeam "Kasseler SK"]
[WhiteTeamCountry "GER"]
[BlackTeamCountry "GER"]

1. e4 e5 2. Nf3 Nc6 3. Be2 Nf6 4. d3 d5 5. Nbd2 Be7 6. O-O O-O 7. c3 Re8 8. b4
a6 9. Bb2 Bg4 10. a3 Qd7 11. h3 Bh5 12. c4 dxe4 13. Nxe4 Nxe4 14. dxe4 Qe6 15.
Qc2 Rad8 16. Rad1 a5 17. bxa5 Bxf3 18. Bxf3 Bc5 19. Rd5 Nd4 20. Bxd4 Bxd4 21.
Rb1 b6 22. axb6 cxb6 23. a4 Ra8 24. Bg4 Qe7 25. Bd7 Red8 26. Bc6 Rac8 27. Rxd8+
Rxd8 28. Bd5 Qa3 29. Qb3 Qe7 30. Qa2 g6 31. a5 bxa5 32. Qxa5 Qh4 33. Rf1 Rd6
34. Kh1 Rf6 35. f3 Kg7 36. Qd2 Rb6 37. Qe1 Qf4 38. Qc1 Qg3 39. Qe1 Qf4 40. Qc1
Qg3 41. Qe1 1/2-1/2

[Event "Oberliga Ost B 2016 2017"]
[Site "Germany"]
[Date "2016.12.04"]
[Round "4.2"]
[White "Grafl, Florian"]
[Black "Galdunts, Sergey"]
[Result "1-0"]
[WhiteElo "2396"]
[BlackElo "2415"]
[PlyCount "75"]
[EventDate "2016.10.16"]
[EventType "team-tourn"]
[EventCountry "GER"]
[WhiteTeam "Kasseler SK"]
[BlackTeam "Moerlenbach Birkenau Freibauer"]
[WhiteTeamCountry "GER"]
[BlackTeamCountry "GER"]

1. Nc3 g6 2. d4 Bg7 3. Bg5 d5 4. Qd2 Nc6 5. Nf3 Bg4 6. e3 a6 7. h3 Bxf3 8. gxf3
Qd6 9. O-O-O Nf6 10. e4 Nh5 11. e5 Qd7 12. h4 h6 13. Bh3 e6 14. Be3 Bf8 15. Ne2
a5 16. Bg4 a4 17. Bxh5 gxh5 18. Nf4 Na5 19. Nxh5 Qb5 20. c3 Nb3+ 21. axb3 axb3
22. Qe1 Ba3 23. bxa3 Rxa3 24. Nf6+ Ke7 25. Bg5 hxg5 26. Kd2 c5 27. Qf1 Qa5 28.
Qd3 Ra2+ 29. Ke1 Rc2 30. Kf1 Rxc3 31. Qd2 Kd8 32. Kg2 Kc7 33. Rc1 cxd4 34. Qxd4
Rc2 35. Rxc2+ bxc2 36. Rc1 Rxh4 37. Rxc2+ Kd8 38. Ng4 1-0

[Event "Oberliga Ost B 2016 2017"]
[Site "Germany"]
[Date "2016.12.04"]
[Round "4.3"]
[White "Legde, Georg"]
[Black "Hahn, Markus"]
[Result "0-1"]
[WhiteElo "2309"]
[BlackElo "2333"]
[PlyCount "92"]
[EventDate "2016.10.16"]
[EventType "team-tourn"]
[EventCountry "GER"]
[WhiteTeam "Moerlenbach Birkenau Freibauer"]
[BlackTeam "Kasseler SK"]
[WhiteTeamCountry "GER"]
[BlackTeamCountry "GER"]

1. Nf3 c5 2. b3 b6 3. Bb2 Bb7 4. c4 Nf6 5. g3 e6 6. Bg2 Be7 7. O-O O-O 8. Nc3
Nc6 9. e3 Rc8 10. Rc1 Ba8 11. d3 d5 12. cxd5 Nxd5 13. Nxd5 Qxd5 14. d4 Qf5 15.
dxc5 Bxc5 16. Rc4 e5 17. a3 a5 18. Qb1 Qxb1 19. Rxb1 f6 20. Rbc1 Rfd8 21. R4c2
Na7 22. Nd2 Bxg2 23. Kxg2 Kf7 24. Nc4 Rd3 25. b4 axb4 26. axb4 Bxb4 27. Nxe5+
fxe5 28. Rxc8 Nxc8 29. Rxc8 Bd6 30. Rc3 Rxc3 31. Bxc3 e4 32. f3 exf3+ 33. Kxf3
g6 34. Ke4 Ke6 35. Bb2 b5 36. Bd4 h5 37. Bg7 Be7 38. Bd4 b4 39. h3 Bf6 40. g4
Bxd4 41. Kxd4 h4 42. g5 Kf5 43. Kc4 Ke4 44. Kxb4 Kxe3 45. Kc3 Kf4 46. Kd4 Kg3
0-1

[Event "Oberliga Ost B 2016 2017"]
[Site "Germany"]
[Date "2016.12.04"]
[Round "4.4"]
[White "Kersten, Uwe"]
[Black "Dittmar, Peter"]
[Result "1/2-1/2"]
[WhiteElo "2253"]
[BlackElo "2266"]
[PlyCount "57"]
[EventDate "2016.10.16"]
[EventType "team-tourn"]
[EventCountry "GER"]
[WhiteTeam "Kasseler SK"]
[BlackTeam "Moerlenbach Birkenau Freibauer"]
[WhiteTeamCountry "GER"]
[BlackTeamCountry "GER"]

1. e4 e6 2. d4 d5 3. Nd2 c5 4. exd5 exd5 5. Ngf3 Nc6 6. Bb5 Bd6 7. dxc5 Bxc5 8.
O-O Nge7 9. Nb3 Bb6 10. Re1 O-O 11. Be3 Bf5 12. c3 Be4 13. Bxb6 Qxb6 14. Nfd4
Rad8 15. Bxc6 Nxc6 16. Nxc6 bxc6 17. Qd4 Rc8 18. Nc5 Qxb2 19. Rad1 Rfe8 20. Rd2
Bg6 21. Ne6 Rxe6 22. Rxe6 Qb1+ 23. Rd1 Qxa2 24. Qe3 h6 25. Rxg6 Qc2 26. Rxg7+
Kxg7 27. Re1 Qf5 28. Qxa7 Re8 29. Qd4+ 1/2-1/2

[Event "Oberliga Ost B 2016 2017"]
[Site "Germany"]
[Date "2016.12.04"]
[Round "4.5"]
[White "Felgendreher, Heiko"]
[Black "Kearns, Christopher"]
[Result "1/2-1/2"]
[WhiteElo "2222"]
[BlackElo "2180"]
[PlyCount "28"]
[EventDate "2016.10.16"]
[EventType "team-tourn"]
[EventCountry "GER"]
[WhiteTeam "Moerlenbach Birkenau Freibauer"]
[BlackTeam "Kasseler SK"]
[WhiteTeamCountry "GER"]
[BlackTeamCountry "GER"]

1. e4 d5 2. exd5 Nf6 3. c4 e6 4. dxe6 Bxe6 5. Nf3 Nc6 6. d4 Bb4+ 7. Nc3 Ne4 8.
Bd2 Nxd2 9. Qxd2 Qe7 10. Qe3 O-O-O 11. O-O-O Bxc3 12. Qxc3 Bg4 13. d5 Nb4 14.
Qb3 Qc5 1/2-1/2

[Event "Oberliga Ost B 2016 2017"]
[Site "Germany"]
[Date "2016.12.04"]
[Round "4.6"]
[White "Aslan, Benjamin"]
[Black "Boehmer, Christian"]
[Result "1-0"]
[WhiteElo "2170"]
[BlackElo "2166"]
[PlyCount "71"]
[EventDate "2016.10.16"]
[EventType "team-tourn"]
[EventCountry "GER"]
[WhiteTeam "Kasseler SK"]
[BlackTeam "Moerlenbach Birkenau Freibauer"]
[WhiteTeamCountry "GER"]
[BlackTeamCountry "GER"]

1. d4 Nf6 2. Nf3 e6 3. c4 c5 4. g3 cxd4 5. Nxd4 Nc6 6. Bg2 Qb6 7. Nc2 Bc5 8.
O-O h5 9. Nc3 h4 10. e3 Ne5 11. b4 Be7 12. c5 Qc7 13. f4 hxg3 14. hxg3 Nc4 15.
e4 a5 16. Nb5 Bxc5+ 17. bxc5 Qxc5+ 18. Nbd4 d6 19. Ne3 e5 20. Qa4+ Bd7 21. Qxc4
exd4 22. Qxc5 dxc5 23. e5 Nh5 24. Nd5 Rc8 25. Kf2 f5 26. exf6 Nxf6 27. Nxf6+
gxf6 28. Bxb7 Rc7 29. Bg2 Bc6 30. Bxc6+ Rxc6 31. a3 Kd7 32. Kf3 Rh2 33. Rf2
Rxf2+ 34. Kxf2 Ke6 35. Rb1 Kd5 36. Rb5 1-0

[Event "Oberliga Ost B 2016 2017"]
[Site "Germany"]
[Date "2016.12.04"]
[Round "4.7"]
[White "Klings, Peter"]
[Black "Cherny, Andrey"]
[Result "1-0"]
[WhiteElo "2147"]
[BlackElo "2161"]
[PlyCount "89"]
[EventDate "2016.10.16"]
[EventType "team-tourn"]
[EventCountry "GER"]
[WhiteTeam "Moerlenbach Birkenau Freibauer"]
[BlackTeam "Kasseler SK"]
[WhiteTeamCountry "GER"]
[BlackTeamCountry "GER"]

1. g3 c5 2. Bg2 d5 3. Nf3 Nf6 4. O-O b5 5. a4 b4 6. c4 Bb7 7. cxd5 Bxd5 8. d3
e6 9. Nbd2 a5 10. Qc2 Nbd7 11. e4 Bb7 12. Nc4 Be7 13. Bf4 O-O 14. Rad1 Ra6 15.
Rfe1 Qa8 16. b3 Rc8 17. Qe2 Nf8 18. Bg5 h6 19. Bc1 N6d7 20. Bb2 f6 21. d4 cxd4
22. Nxd4 Nc5 23. Nb5 e5 24. Ncd6 Rcc6 25. Nf5 Ng6 26. Qg4 Kh7 27. h4 Bf8 28. h5
Nh8 29. Rd2 Ne6 30. Red1 Bc8 31. Bf1 Rab6 32. Bc4 Rc5 33. Nbd6 Ng5 34. Nxc8
Rxc8 35. Bd5 Qa7 36. Nh4 Rc7 37. Qf5+ g6 38. hxg6+ Kg7 39. Bc4 Be7 40. Kg2 Qb7
41. Rd7 Rbc6 42. f4 Nxe4 43. Qxe4 Rxd7 44. Nf5+ Kxg6 45. Nd6+ 1-0

[Event "Oberliga Ost B 2016 2017"]
[Site "Germany"]
[Date "2016.12.04"]
[Round "4.8"]
[White "Halt, David"]
[Black "Schaefer, Michael"]
[Result "0-1"]
[WhiteElo "2096"]
[BlackElo "2166"]
[PlyCount "66"]
[EventDate "2016.10.16"]
[EventType "team-tourn"]
[EventCountry "GER"]
[WhiteTeam "Kasseler SK"]
[BlackTeam "Moerlenbach Birkenau Freibauer"]
[WhiteTeamCountry "GER"]
[BlackTeamCountry "GER"]

1. e4 c5 2. Nc3 Nc6 3. f4 g6 4. Nf3 Bg7 5. Bb5 Nd4 6. O-O a6 7. Bd3 d6 8. Nxd4
cxd4 9. Ne2 Nf6 10. Qe1 O-O 11. Kh1 Nd7 12. Qf2 e5 13. f5 Nc5 14. g4 Nxd3 15.
cxd3 Bf6 16. b3 Bd7 17. a4 b5 18. Ba3 Bc6 19. Rfc1 Qd7 20. h4 bxa4 21. bxa4
gxf5 22. gxf5 Kh8 23. Rg1 Rg8 24. a5 d5 25. Qf3 Qb7 26. Ng3 Bxh4 27. exd5 Bxd5
28. Ne4 Qc6 29. Qe2 Bg3 30. Rg2 Bf4 31. f6 Rxg2 32. Kxg2 Qxf6 33. Rh1 Rb8 0-1

[Event "Oberliga Ost B 2016 2017"]
[Site "Germany"]
[Date "2016.12.04"]
[Round "4.1"]
[White "Feldtmann, Thomas"]
[Black "Chojnacki, Krzysztof"]
[Result "1/2-1/2"]
[WhiteElo "2221"]
[BlackElo "2385"]
[PlyCount "87"]
[EventDate "2016.10.16"]
[EventType "team-tourn"]
[EventCountry "GER"]
[WhiteTeam "Marburg SK"]
[BlackTeam "Wiesbadener SV"]
[WhiteTeamCountry "GER"]
[BlackTeamCountry "GER"]

1. d4 Nf6 2. c4 g6 3. Nc3 Bg7 4. e4 d6 5. Nf3 O-O 6. Be2 e5 7. d5 Nbd7 8. Be3
Ng4 9. Bg5 f6 10. Bd2 f5 11. exf5 gxf5 12. Ng5 Ndf6 13. h3 Nh6 14. Ne6 Bxe6 15.
dxe6 f4 16. Qc2 c6 17. Rg1 Qe7 18. g4 Ne8 19. Bd3 Qxe6 20. Bxh7+ Kh8 21. Ne4 d5
22. Ng5 Qd6 23. O-O-O e4 24. Bxe4 Qe7 25. Nh7 dxe4 26. Nxf8 Qxf8 27. Qxe4 Nd6
28. Qxf4 Qxf4 29. Bxf4 Nxc4 30. b3 Nb6 31. Rge1 Nd5 32. Be5 Rf8 33. f4 Bxe5 34.
fxe5 Re8 35. e6 Kg7 36. Re5 Kg6 37. Rf1 Nc7 38. Rfe1 Ng8 39. h4 Nf6 40. Kd2
Nfd5 41. Rg5+ Kh6 42. Rh5+ Kg6 43. Rg5+ Kh6 44. Rh5+ 1/2-1/2

[Event "Oberliga Ost B 2016 2017"]
[Site "Germany"]
[Date "2016.12.04"]
[Round "4.2"]
[White "Geske, Julian"]
[Black "Dorst, Johannes"]
[Result "1-0"]
[WhiteElo "2399"]
[BlackElo "2247"]
[PlyCount "59"]
[EventDate "2016.10.16"]
[EventType "team-tourn"]
[EventCountry "GER"]
[WhiteTeam "Wiesbadener SV"]
[BlackTeam "Marburg SK"]
[WhiteTeamCountry "GER"]
[BlackTeamCountry "GER"]

1. e4 c5 2. Nf3 e6 3. Nc3 Nc6 4. d4 cxd4 5. Nxd4 Qc7 6. g3 a6 7. Bg2 Nf6 8. O-O
Nxd4 9. Qxd4 Bc5 10. Bf4 d6 11. Qd2 h6 12. Rad1 e5 13. Be3 Be6 14. Bxc5 dxc5
15. Nd5 Bxd5 16. exd5 Qd6 17. f4 O-O 18. fxe5 Qxe5 19. d6 Qxb2 20. c4 Qxd2 21.
Rxd2 Rab8 22. a4 a5 23. Re1 Rfe8 24. Rxe8+ Rxe8 25. Bxb7 Rb8 26. Bc6 Rd8 27.
Kg2 Kf8 28. Kf3 Ne8 29. Bxe8 Kxe8 30. Ke4 1-0

[Event "Oberliga Ost B 2016 2017"]
[Site "Germany"]
[Date "2016.12.04"]
[Round "4.3"]
[White "Alber, Horst"]
[Black "Nehmert, Ulrich"]
[Result "0-1"]
[WhiteElo "2318"]
[BlackElo "2324"]
[PlyCount "68"]
[EventDate "2016.10.16"]
[EventType "team-tourn"]
[EventCountry "GER"]
[WhiteTeam "Marburg SK"]
[BlackTeam "Wiesbadener SV"]
[WhiteTeamCountry "GER"]
[BlackTeamCountry "GER"]

1. d4 Nf6 2. c4 c5 3. d5 b5 4. cxb5 a6 5. bxa6 Bxa6 6. Nc3 d6 7. e4 Bxf1 8.
Kxf1 g6 9. g4 Bg7 10. Kg2 O-O 11. g5 Nh5 12. Nge2 f5 13. gxf6 Rxf6 14. Bg5 Rf7
15. Qd2 Qc8 16. h3 Nd7 17. Raf1 Ne5 18. f4 Nc4 19. Qc1 e6 20. Rf3 Nb6 21. dxe6
Qxe6 22. Rhf1 d5 23. f5 Qe5 24. fxg6 Rxf3 25. gxh7+ Kh8 26. Rxf3 d4 27. Rf5 Qe8
28. Rxc5 dxc3 29. Nxc3 Na4 30. Rc4 Nxc3 31. bxc3 Rxa2+ 32. Kg1 Qb8 33. e5 Qa8
34. Qf1 Ng3 0-1

[Event "Oberliga Ost B 2016 2017"]
[Site "Germany"]
[Date "2016.12.04"]
[Round "4.4"]
[White "Gottschalk, Jens"]
[Black "Henrich, Thomas"]
[Result "1/2-1/2"]
[WhiteElo "2282"]
[BlackElo "2212"]
[PlyCount "93"]
[EventDate "2016.10.16"]
[EventType "team-tourn"]
[EventCountry "GER"]
[WhiteTeam "Wiesbadener SV"]
[BlackTeam "Marburg SK"]
[WhiteTeamCountry "GER"]
[BlackTeamCountry "GER"]

1. d4 Nf6 2. c4 e6 3. g3 c5 4. d5 exd5 5. cxd5 d6 6. Nc3 g6 7. Bg2 Bg7 8. Nf3
O-O 9. O-O b6 10. a4 Ba6 11. h3 Re8 12. Nd2 h6 13. Nb5 Qd7 14. Nc4 Bf8 15. Qb3
Ne4 16. g4 f5 17. gxf5 Qxf5 18. Qf3 Nd7 19. Qxf5 gxf5 20. Bf4 Ng5 21. Ne3 Bxb5
22. axb5 Nf7 23. Rfe1 Bg7 24. Ra2 Nde5 25. Bg3 Kh7 26. Nxf5 Nd3 27. Nxg7 Kxg7
28. Rea1 Rxe2 29. Bf1 Rd2 30. Bxd3 Rxd3 31. Rxa7 Rd1+ 32. Rxd1 Rxa7 33. Rd3 Ra5
34. Rb3 Ra4 35. Ra3 Rb4 36. Ra7 Kf6 37. Rd7 Rxb5 38. Bxd6 Rxb2 39. Bf4 Ng5 40.
Kg2 Ne4 41. Kf3 Ng5+ 42. Kg2 Kf5 43. Be3 Ke5 44. Rd8 Nf7 45. Rd7 Ng5 46. Rd8
Nf7 47. Rd7 1/2-1/2

[Event "Oberliga Ost B 2016 2017"]
[Site "Germany"]
[Date "2016.12.04"]
[Round "4.5"]
[White "Rolle, Eric"]
[Black "Ress, Tamas"]
[Result "0-1"]
[WhiteElo "2195"]
[BlackElo "2305"]
[PlyCount "72"]
[EventDate "2016.10.16"]
[EventType "team-tourn"]
[EventCountry "GER"]
[WhiteTeam "Marburg SK"]
[BlackTeam "Wiesbadener SV"]
[WhiteTeamCountry "GER"]
[BlackTeamCountry "GER"]

1. Nf3 c5 2. g3 g6 3. Bg2 Bg7 4. O-O Nc6 5. e4 e6 6. Re1 Nge7 7. d3 O-O 8. c3
d5 9. e5 b5 10. Be3 c4 11. Bc5 cxd3 12. Qxd3 Qc7 13. Bd6 Qb6 14. Nbd2 Rd8 15.
a4 bxa4 16. Rxa4 Nf5 17. Ba3 a5 18. g4 Ba6 19. Qc2 Nfe7 20. c4 Rac8 21. Bd6
dxc4 22. Nxc4 Bxc4 23. Rxc4 Nb4 24. Bxb4 Rxc4 25. Qxc4 axb4 26. h3 Nc6 27. Qf4
Qa5 28. Qg5 h6 29. Qe3 Rd5 30. Rc1 Nxe5 31. Rc8+ Kh7 32. Nd2 Rd3 33. Qf4 Qa1+
34. Nf1 Qxb2 35. Be4 Qd4 36. Ng3 Rxg3+ 0-1

[Event "Oberliga Ost B 2016 2017"]
[Site "Germany"]
[Date "2016.12.04"]
[Round "4.6"]
[White "Minor, Samuel"]
[Black "Duncker, Joachim"]
[Result "1-0"]
[WhiteElo "2189"]
[BlackElo "2269"]
[PlyCount "79"]
[EventDate "2016.10.16"]
[EventType "team-tourn"]
[EventCountry "GER"]
[WhiteTeam "Wiesbadener SV"]
[BlackTeam "Marburg SK"]
[WhiteTeamCountry "GER"]
[BlackTeamCountry "GER"]

1. e4 d5 2. exd5 Nf6 3. d4 Bg4 4. Nf3 Qxd5 5. Be2 Nc6 6. h3 Bxf3 7. Bxf3 Qf5 8.
O-O e6 9. c4 Bd6 10. Qa4 O-O 11. Bxc6 bxc6 12. Qxc6 Rab8 13. Nc3 Rb6 14. Qf3
Qxf3 15. gxf3 c5 16. Na4 Rb4 17. b3 Rxa4 18. bxa4 cxd4 19. Bb2 Bc5 20. Rfd1 Rd8
21. Rab1 g5 22. Bc1 h6 23. Rb5 Nd7 24. f4 f6 25. Kg2 Kf7 26. Bb2 e5 27. fxe5
fxe5 28. h4 Rg8 29. Rd3 gxh4+ 30. Kh3 Ke6 31. Kxh4 Rg2 32. Rd2 Rg1 33. f4 Rh1+
34. Kg3 exf4+ 35. Kg2 Rh4 36. Re2+ Ne5 37. Rxe5+ Kxe5 38. Rxc5+ Ke4 39. Rd5
Rg4+ 40. Kf2 1-0

[Event "Oberliga Ost B 2016 2017"]
[Site "Germany"]
[Date "2016.12.04"]
[Round "4.8"]
[White "Doehring, Joachim"]
[Black "Foermes, Alexander"]
[Result "1-0"]
[WhiteElo "2082"]
[BlackElo "2079"]
[PlyCount "77"]
[EventDate "2016.10.16"]
[EventType "team-tourn"]
[EventCountry "GER"]
[WhiteTeam "Wiesbadener SV"]
[BlackTeam "Marburg SK"]
[WhiteTeamCountry "GER"]
[BlackTeamCountry "GER"]

1. Nf3 Nf6 2. c4 c5 3. g3 b6 4. Bg2 Bb7 5. O-O g6 6. Nc3 Bg7 7. a3 O-O 8. Qc2
d6 9. Rd1 Nbd7 10. b3 Rc8 11. Bb2 Qc7 12. Rac1 Qb8 13. e4 Ne5 14. Nd5 Rfe8 15.
d4 Nxf3+ 16. Bxf3 Nd7 17. Bg4 e6 18. dxc5 Nxc5 19. Bxg7 exd5 20. Bxc8 Qxc8 21.
Ba1 dxe4 22. Qc3 Re5 23. Rxd6 f6 24. Rxf6 Nd3 25. Rd1 Qg4 26. Rxd3 exd3 27. f3
Qg5 28. Qxe5 Qc1+ 29. Kg2 Qd2+ 30. Kf1 Qc1+ 31. Kg2 Qd2+ 32. Kh3 Qh6+ 33. Kg4
Bc8+ 34. Re6 Qh5+ 35. Kf4 Qh6+ 36. Ke4 Bxe6 37. Qxe6+ Kf8 38. Qd6+ Kf7 39. Qxd3
1-0

[Event "Oberliga Ost B 2016 2017"]
[Site "Germany"]
[Date "2016.12.04"]
[Round "4.2"]
[White "Margolin, Boris"]
[Black "Heyder, Florian"]
[Result "1-0"]
[WhiteElo "2391"]
[BlackElo "2161"]
[PlyCount "105"]
[EventDate "2016.10.16"]
[EventType "team-tourn"]
[EventCountry "GER"]
[WhiteTeam "Oberursel SV"]
[BlackTeam "Sangerhausen SV"]
[WhiteTeamCountry "GER"]
[BlackTeamCountry "GER"]

1. e4 e5 2. Nf3 Nc6 3. Nc3 Nf6 4. g3 Bc5 5. Bg2 d6 6. d3 Nd4 7. h3 Be6 8. Na4
Nxf3+ 9. Qxf3 Nd7 10. Nxc5 dxc5 11. Be3 Qe7 12. Qh5 O-O-O 13. O-O f6 14. a3 Nb8
15. f4 g6 16. Qh6 Nc6 17. fxe5 Nxe5 18. b4 cxb4 19. axb4 a6 20. Bc5 Qe8 21.
Rxf6 Nd7 22. Rff1 Nxc5 23. bxc5 Qd7 24. Kh2 c6 25. Ra4 Qe7 26. d4 Rd7 27. c3
Re8 28. h4 Kb8 29. Qf4+ Ka7 30. Rb1 Qf7 31. Qe3 Rde7 32. Qe2 Bb3 33. Rb4 Bd5
34. Qb2 Bc4 35. Qc2 h6 36. Kg1 g5 37. h5 g4 38. e5 Bd5 39. Rf1 Bf3 40. Qg6 Qxg6
41. hxg6 Rg8 42. Bxf3 gxf3 43. Rxf3 Rxg6 44. Rb1 Reg7 45. Kf2 Kb8 46. Re1 Kc8
47. Re4 Kd7 48. Ref4 Ke6 49. c4 Ke7 50. d5 Rg5 51. Re4 R7g6 52. Rb3 Rf5+ 53.
Kg2 1-0

[Event "Oberliga Ost B 2016 2017"]
[Site "Germany"]
[Date "2016.12.04"]
[Round "4.3"]
[White "Guenther, Christian"]
[Black "Schlamp, Robert"]
[Result "0-1"]
[WhiteElo "2161"]
[BlackElo "2263"]
[PlyCount "96"]
[EventDate "2016.10.16"]
[EventType "team-tourn"]
[EventCountry "GER"]
[WhiteTeam "Sangerhausen SV"]
[BlackTeam "Oberursel SV"]
[WhiteTeamCountry "GER"]
[BlackTeamCountry "GER"]

1. d4 Nf6 2. c4 g6 3. Nc3 Bg7 4. e4 d6 5. f4 O-O 6. Nf3 c5 7. d5 e6 8. Be2 exd5
9. cxd5 Re8 10. e5 dxe5 11. fxe5 Ng4 12. Bg5 Qb6 13. O-O Nxe5 14. Nxe5 Rxe5 15.
Qd2 Bf5 16. d6 Nd7 17. Nd5 Rxd5 18. Qxd5 Qxb2 19. Rae1 Be6 20. Qe4 Qd4+ 21.
Qxd4 Bxd4+ 22. Kh1 c4 23. Rb1 b6 24. Rfc1 c3 25. a4 Rc8 26. Rb4 Be5 27. Bf4 Bf6
28. h3 g5 29. Be3 Rc6 30. Bd2 a5 31. Re4 Nc5 32. Rxe6 Nxe6 33. Bf3 Rxd6 34.
Bxc3 Bxc3 35. Rxc3 Kg7 36. Kh2 Kg6 37. h4 h6 38. hxg5 hxg5 39. Kg3 Nc5 40. Rc4
f5 41. Kf2 g4 42. Be2 Kg5 43. Bf1 Ne4+ 44. Ke3 Nd2 45. Rc1 f4+ 46. Ke2 Nxf1 47.
Kxf1 Kh4 48. Rc4 Kg3 0-1

[Event "Oberliga Ost B 2016 2017"]
[Site "Germany"]
[Date "2016.12.04"]
[Round "4.4"]
[White "Haubt, Georg"]
[Black "Engelmann, Jakob"]
[Result "1-0"]
[WhiteElo "2161"]
[BlackElo "2256"]
[PlyCount "31"]
[EventDate "2016.10.16"]
[EventType "team-tourn"]
[EventCountry "GER"]
[WhiteTeam "Oberursel SV"]
[BlackTeam "Sangerhausen SV"]
[WhiteTeamCountry "GER"]
[BlackTeamCountry "GER"]

1. d4 Nf6 2. Bg5 e6 3. e4 h6 4. Bxf6 Qxf6 5. c3 d6 6. Bd3 g5 7. Ne2 Qe7 8. O-O
Nc6 9. Ng3 Bd7 10. b4 O-O-O 11. b5 Na5 12. Nd2 d5 13. Re1 Qa3 14. Qc2 Kb8 15.
Nh5 c5 16. Nb1 1-0

[Event "Oberliga Ost B 2016 2017"]
[Site "Germany"]
[Date "2016.12.04"]
[Round "4.5"]
[White "Hellwig, Tobias"]
[Black "Koller, Jens"]
[Result "1-0"]
[WhiteElo "2182"]
[BlackElo "2203"]
[PlyCount "51"]
[EventDate "2016.10.16"]
[EventType "team-tourn"]
[EventCountry "GER"]
[WhiteTeam "Sangerhausen SV"]
[BlackTeam "Oberursel SV"]
[WhiteTeamCountry "GER"]
[BlackTeamCountry "GER"]

1. d4 Nf6 2. c4 g6 3. Nf3 Bg7 4. g3 O-O 5. Bg2 d6 6. O-O Nc6 7. Nc3 a6 8. Bf4
Nd7 9. Qd2 e5 10. Bg5 f6 11. Be3 Ne7 12. dxe5 dxe5 13. Rad1 c6 14. Bc5 Qe8 15.
Ba3 f5 16. Qd6 Bf6 17. h4 h6 18. e4 g5 19. hxg5 hxg5 20. exf5 g4 21. Nh4 Bxh4
22. gxh4 Nxf5 23. Qd2 Ng7 24. Bxf8 Qxf8 25. Qg5 Nf6 26. h5 1-0

[Event "Oberliga Ost B 2016 2017"]
[Site "Germany"]
[Date "2016.12.04"]
[Round "4.6"]
[White "Haakert, Juergen"]
[Black "Hillmann, Michael"]
[Result "1-0"]
[WhiteElo "2341"]
[BlackElo "2162"]
[PlyCount "119"]
[EventDate "2016.10.16"]
[EventType "team-tourn"]
[EventCountry "GER"]
[WhiteTeam "Oberursel SV"]
[BlackTeam "Sangerhausen SV"]
[WhiteTeamCountry "GER"]
[BlackTeamCountry "GER"]

1. Nf3 d5 2. g3 Nf6 3. Bg2 c6 4. O-O Bg4 5. h3 Bxf3 6. Bxf3 e5 7. d3 Nbd7 8. e4
dxe4 9. dxe4 Qc7 10. Nd2 Be7 11. Qe2 O-O 12. Nc4 Nc5 13. Bd2 Rfe8 14. a4 b6 15.
Bc3 Ncd7 16. Rfd1 a6 17. Bg4 Ra7 18. Rd2 Bf8 19. Bxd7 Nxd7 20. Qg4 b5 21. Ba5
Qc8 22. Rad1 Nc5 23. Qxc8 Rxc8 24. Nd6 Bxd6 25. Rxd6 Raa8 26. axb5 axb5 27.
Rd8+ Rxd8 28. Bxd8 Nxe4 29. Bc7 f6 30. f4 exf4 31. Bxf4 Kf7 32. Rd7+ Kg6 33.
Rc7 Ra6 34. Kg2 Nc5 35. Bd6 Ne6 36. Re7 Ng5 37. h4 c5 38. Bxc5 Ne6 39. Be3 Rc6
40. c3 Kf5 41. Kf3 b4 42. cxb4 Rc2 43. g4+ Ke5 44. Bf4+ Kd5 45. Rd7+ Kc4 46.
Rd2 Rc1 47. Be3 Rh1 48. Rd6 Rh3+ 49. Ke4 Nf8 50. Rd4+ Kb5 51. Rd5+ Kc6 52. b5+
Kb7 53. Rd8 Ne6 54. Rd7+ Kc8 55. Re7 Nd8 56. Bf4 Rxh4 57. Rc7+ Kb8 58. Rxg7+
Ka8 59. b6 Nc6 60. b7+ 1-0

[Event "Oberliga Ost B 2016 2017"]
[Site "Germany"]
[Date "2016.12.04"]
[Round "4.7"]
[White "Duchrow, Oliver"]
[Black "Oparaugo, Thomas"]
[Result "0-1"]
[WhiteElo "2069"]
[BlackElo "2088"]
[PlyCount "78"]
[EventDate "2016.10.16"]
[EventType "team-tourn"]
[EventCountry "GER"]
[WhiteTeam "Sangerhausen SV"]
[BlackTeam "Oberursel SV"]
[WhiteTeamCountry "GER"]
[BlackTeamCountry "GER"]

1. e4 e5 2. Nf3 Nc6 3. Bb5 a6 4. Bxc6 dxc6 5. O-O Bg4 6. d3 Qf6 7. Be3 Bxf3 8.
Qxf3 Qxf3 9. gxf3 Ne7 10. f4 exf4 11. Bxf4 O-O-O 12. Nd2 Ng6 13. Be3 f5 14. f4
fxe4 15. dxe4 Bc5 16. Bxc5 Rxd2 17. Rae1 Rhd8 18. Bb4 Rxc2 19. Bc3 Rd3 20. Rd1
Rxd1 21. Rxd1 Nxf4 22. Kh1 Nh3 23. Rf1 Rf2 24. Re1 Ng5 25. Kg1 Rf4 26. Re2 Rg4+
27. Kf1 g6 28. e5 Rf4+ 29. Kg2 Kd7 30. Kg3 Rf5 31. h4 Ne6 32. Re4 c5 33. Bd2
Kc6 34. Bc3 Kd5 35. Re1 Nd4 36. Bxd4 cxd4 37. e6 Rf8 38. e7 Re8 39. Kf4 Kd6 0-1